La Planificación conjunta: nueva forma de colaboración entre países del CAME /

保存先:
書誌詳細
第一著者: Marzalek, Antoni
フォーマット: テキスト
タグ: タグ追加
タグなし, このレコードへの初めてのタグを付けませんか!

MARC

LEADER 00000 a a2200000 04500
001 5402
003
040
100 |a Marzalek, Antoni  
245 |a La Planificación conjunta:   |b nueva forma de colaboración entre países del CAME /  |c Antoni Marzalek 
773 |g número 40; páginas 159-181  
999 |c 26966  |d 26966